LDR 00669naa#a2200169#i#450# 001 EN\\bibl\121842 005 20260603183708.3 011 ## _a2658-638X 100 ## _a20251215b2025####ek#y0engy0150####ca 102 ## _aRU 200 1# _aRank correlation in psychological and pedagogical research _eJournal article 210 1# _aMoscow _cMoscow University of the Ministry of Internal Affairs of Russia named after V.Ya. Kikot _d2025 215 ## _a3 с. 608 ## _aJournal article _2local 675 ## _aНародное образование. Воспитание. Обучение. Организация досуга. 37 _z 700 #1 _aZadohina _gNina Vladimirovna 856 4# _amosumvd.editorum.ru _u